| 000 | 00416cam a2200157ua 4500 | ||
|---|---|---|---|
| 003 | OSt | ||
| 008 | 240120b |||||||| |||| 00| 0 eng d | ||
| 020 | _a81 7648 135 1 | ||
| 041 | _aeng | ||
| 082 |
_a632.95 _bGHO/BI |
||
| 100 |
_aGhosh, G k . _95758 |
||
| 245 | _aBiopesticide and integrated pest management / | ||
| 260 |
_aNewdelhi : _bAPH publishing corporation , _c2000. |
||
| 300 | _a286 ; . | ||
| 942 | _cBK | ||
| 999 |
_c10469 _d10469 |
||